|
|
|
|
| LEADER |
01529nam a2200361 i 4500 |
| 001 |
35129 |
| 003 |
BD-DhAAL |
| 005 |
20211118112645.0 |
| 008 |
190808t2016 enk b 001 0 eng d |
| 999 |
|
|
|c 40841
|d 40841
|
| 010 |
|
|
|a 2015003897
|
| 020 |
|
|
|a 9781138855533 (pbk)
|
| 020 |
|
|
|a 9781138855489 (hbk)
|
| 020 |
|
|
|z 9781315720302 (ebk)
|
| 040 |
|
|
|a DLC
|b eng
|c DLC
|e rda
|d DLC
|d BD-DhAAL
|
| 042 |
|
|
|a pcc
|
| 050 |
0 |
0 |
|a TA633
|b .H87 2016
|
| 082 |
0 |
0 |
|a 624.1
|2 23
|
| 100 |
1 |
|
|a Hurol, Yonca
|9 33519
|
| 245 |
1 |
4 |
|a The tectonics of structural systems :
|b an architectural approach /
|c Yonca Hurol with contributions from guest author Baydu Can Al.
|
| 260 |
|
|
|a London ;
|b New York :
|b Routledge, Taylor & Francis Group,
|c 2016.
|
| 300 |
|
|
|a xxvii, 250 pages ;
|c 29 cm.
|
| 504 |
|
|
|a Includes bibliographical references and index.
|
| 526 |
|
|
|a ARC
|
| 541 |
|
|
|a Trim Education
|e 35129, 35130
|
| 650 |
|
0 |
|a Structural engineering.
|9 33520
|
| 650 |
|
0 |
|a Buildings.
|9 33521
|
| 650 |
|
0 |
|a Architecture.
|9 42794
|
| 700 |
1 |
|
|a Baydu, Can Al
|9 33522
|
| 852 |
|
|
|a Ayesha Abed Library
|c General Stacks
|
| 942 |
|
|
|2 ddc
|c BK
|
| 952 |
|
|
|0 0
|1 0
|2 ddc
|4 0
|6 624_100000000000000_HUR
|7 0
|9 65986
|a BRACUL
|b BRACUL
|c GEN
|d 2019-07-28
|e Trim Education
|g 2795.00
|l 0
|o 624.1 HUR
|p 3010035130
|r 2019-07-28
|t 2
|v 2795.00
|w 2019-07-28
|y BK
|x Transferred from ARC to BRACUL on 28/12/2023
|
| 952 |
|
|
|0 0
|1 0
|2 ddc
|4 0
|6 624_100000000000000_HUR
|7 0
|9 65987
|a BRACUL
|b BRACUL
|c GEN
|d 2019-07-28
|e Trim Education
|g 2795.00
|l 0
|o 624.1 HUR
|p 3010035129
|r 2019-07-28
|t 1
|v 2795.00
|w 2019-07-28
|y BK
|